<?xml version="1.0" encoding="UTF-8"?>
<record
    xmlns:xsi="http://www.w3.org/2001/XMLSchema-instance"
    xsi:schemaLocation="http://www.loc.gov/MARC21/slim http://www.loc.gov/standards/marcxml/schema/MARC21slim.xsd"
    xmlns="http://www.loc.gov/MARC21/slim">

  <leader>00817nam a22001817a 4500</leader>
  <controlfield tag="003">LK-CoMWRAF</controlfield>
  <controlfield tag="005">20240130141908.0</controlfield>
  <controlfield tag="008">240130b        |||||||| |||| 00| 0 eng d</controlfield>
  <datafield tag="040" ind1=" " ind2=" ">
    <subfield code="a">LK-CoMWRAF</subfield>
    <subfield code="d">LK-CoMWRAF</subfield>
    <subfield code="e">LK-CoMWRAF</subfield>
  </datafield>
  <datafield tag="041" ind1=" " ind2=" ">
    <subfield code="a">sin</subfield>
  </datafield>
  <datafield tag="082" ind1=" " ind2=" ">
    <subfield code="a">362.8292</subfield>
    <subfield code="b">GRU</subfield>
  </datafield>
  <datafield tag="245" ind1=" " ind2=" ">
    <subfield code="a">&#xD9C;&#xDD8;&#xDC4;&#xDC3;&#xDCA;&#xDAE; &#xDB4;&#xDCA;&#x200D;&#xDBB;&#x200D;&#xDA0;&#xDB1;&#xDCA;&#xDA9;&#xD9A;&#xDCA;&#x200D;&#xDBB;&#xDD2;&#xDBA;&#xDCF; &#xDC0;&#xDD0;&#xDC5;&#xDD0;&#xD9A;&#xDCA;&#xDC0;&#xDD3;&#xDB8;&#xDDA; &#xDB4;&#xDB1;&#xDAD; &#xDBA;&#xDB1;&#xDD4; &#xD9A;&#xDD4;&#xDB8;&#xD9A;&#xDCA;&#xDAF;?</subfield>
  </datafield>
  <datafield tag="246" ind1=" " ind2=" ">
    <subfield code="a">Gruhastha prachandakriya walakweeme panatha yanu kumakda?</subfield>
  </datafield>
  <datafield tag="260" ind1=" " ind2=" ">
    <subfield code="a">&#xDB1;&#xDCF;&#xDBB;&#xDCF;&#xDC4;&#xDDA;&#xDB1;&#xDCA;&#xDB4;&#xDD2;&#xDA7; :</subfield>
    <subfield code="b">&#xDA2;&#xDCF;&#xDAD;&#xDD2;&#xD9A; &#xD9A;&#xDCF;&#xDB1;&#xDCA;&#xDAD;&#xDCF; &#xD9A;&#xDB8;&#xDD2;&#xDA7;&#xDD4;&#xDC0;,</subfield>
  </datafield>
  <datafield tag="700" ind1=" " ind2=" ">
    <subfield code="a">&#xDAF;&#xDC5;&#xDD4;&#xDC0;&#xDAD;&#xDCA;&#xDAD;, &#xDC1;&#xDCA;&#x200D;&#xDBA;&#xDCF;&#xDB8;&#xDD2;&#xDBD;&#xDCF;</subfield>
    <subfield code="y">Daluwaththa, Shyamila</subfield>
    <subfield code="e">ed.</subfield>
  </datafield>
  <datafield tag="700" ind1=" " ind2=" ">
    <subfield code="a">&#xDB8;&#xDD4;&#xDAD;&#xDD4;&#xD9A;&#xDD4;&#xDB8;&#xDCF;&#xDBB;&#xD9C;&#xDDA;, &#xDAF;&#xDB8;&#xDBA;&#xDB1;&#xDCA;&#xDAD;&#xDD2;</subfield>
    <subfield code="y">Muthukumarage, Damayanthi</subfield>
    <subfield code="e">ills.</subfield>
  </datafield>
  <datafield tag="942" ind1=" " ind2=" ">
    <subfield code="c">BK</subfield>
  </datafield>
  <datafield tag="952" ind1=" " ind2=" ">
    <subfield code="0">0</subfield>
    <subfield code="1">0</subfield>
    <subfield code="4">0</subfield>
    <subfield code="7">0</subfield>
    <subfield code="a">MAIN</subfield>
    <subfield code="b">MAIN</subfield>
    <subfield code="d">2024-01-30</subfield>
    <subfield code="l">0</subfield>
    <subfield code="o">362.8292 GRU</subfield>
    <subfield code="p">RAF4985</subfield>
    <subfield code="r">2024-01-30</subfield>
    <subfield code="w">2024-01-30</subfield>
    <subfield code="y">BK</subfield>
  </datafield>
  <datafield tag="999" ind1=" " ind2=" ">
    <subfield code="c">4701</subfield>
    <subfield code="d">4701</subfield>
  </datafield>
</record>
